| 000 | 00771cam a2200253 i 4500 | ||
|---|---|---|---|
| 001 | 29953 | ||
| 003 | BD-RjUL | ||
| 005 | 20211209051504.0 | ||
| 008 | 140408s1979 bg a b 001 0 eng | ||
| 035 | _a(BD-RjUL)30038 | ||
| 040 |
_aDLC _cDLC _dDLC _dBD-RjUL _beng |
||
| 041 | _aeng | ||
| 082 | 0 | 0 |
_a338.095492 _219 _bALA 1979 |
| 100 | 1 |
_aAli, Muhammad Raushan. _988939 |
|
| 245 | 1 | 0 |
_aAchievement motivation & industrial productivity in Bangladesh / _cby Muhammad Raushan Ali. |
| 250 | _a1st ed. | ||
| 260 |
_aDacca : _bUniversity of Dacca, _c1979. |
||
| 300 |
_a166 p. : _bill. ; _c25 cm. |
||
| 504 | _aIncludes Bibliography: p. 160-164 and index. | ||
| 650 | 0 |
_aIndustries _zBangladesh. _991136 |
|
| 942 |
_2ddc _cBK |
||
| 999 |
_c29953 _d29953 |
||